| 000 | 00496nam a22001697a 4500 | ||
|---|---|---|---|
| 999 |
_c27359 _d27359 |
||
| 008 | 240716b ||||| |||| 00| 0 eng d | ||
| 020 |
_a9781947851559 _cRs.860.00 |
||
| 040 | _beng | ||
| 082 | 0 | 0 |
_a658.40920954 _bR2151 |
| 100 |
_95629 _aRao, C. B. |
||
| 245 | 1 | 0 |
_aLeadership for India INC : An experiential treatise / _cC.B. Rao |
| 260 |
_aChennai : _bNotion Press, _c2018. |
||
| 300 |
_axxxi, 442 p. : _bill. ; _c24 cm |
||
| 365 |
_aINR _b860.00 |
||
| 650 | 0 | _aExecutive leadership | |
| 942 | _cBK | ||